[Event "Steyr Landesliga 1819"]
[Site "Austria"]
[Date "2019.02.09"]
[Round "8.7"]
[White "Posch, Siegfried"]
[Black "Kristoferitsch, Daniel"]
[Result "0-1"]
[WhiteElo "1891"]
[BlackElo "1941"]
[PlyCount "102"]
[EventDate "2018.10.06"]
[EventType "team-tourn"]
[EventRounds "11"]
[EventCountry "AUT"]
[SourceTitle "CBM 189 Extra"]
[Source "ChessBase"]
[SourceDate "2019.06.03"]
[SourceVersion "1"]
[SourceVersionDate "2019.06.03"]
[SourceQuality "1"]
[WhiteTeam "Fuerstenfeld/Hartberg"]
[BlackTeam "Graz Schachfreunde"]
[WhiteTeamCountry "AUT"]
[BlackTeamCountry "AUT"]

1. c4 Nf6 2. Nc3 c5 3. g3 g6 4. Bg2 Bg7 5. e3 0-0 6. Nge2 Nc6 7. 0-0 d6 8. d4 cxd4 9. Nxd4 Bd7 10. b3 a6 11. Bb2 Rb8 12. Nd5 Nxd5 13. cxd5 Nxd4 14. Bxd4 Qa5 15. Bxg7 Kxg7 16. Qd4+ Kg8 17. Rfc1 Rfc8 18. Qb2 b6 19. h3 b5 20. a3 Qd8 21. Rxc8 Rxc8 22. Rc1 Rc7 23. Kh2 Qc8 24. Rxc7 Qxc7 25. b4 Qc4 26. Qd2 Bf5 27. Qd4 Bd3 28. Qb2 h6 29. f3 Qxd5 30. e4 Qc4 31. h4 Qc2 32. Qxc2 Bxc2 33. Kg1 f6 34. Kf2 Kf7 35. Ke3 e5 36. f4 Ke6 37. Bh3+ f5 38. exf5+ gxf5 39. g4 d5 40. g5 hxg5 41. fxg5 Bd1 42. Kf2 Bh5 43. Ke3 Bg6 44. Kd3 Be8 45. Ke3 Bh5 46. Kd3 Bg4 47. Bxg4 fxg4 48. h5 Kf5 49. h6 Kg6 50. Ke3 d4+ 51. Ke4 g3 0-1

[Event "Steyr Landesliga 1819"]
[Site "Austria"]
[Date "2019.01.26"]
[Round "7.6"]
[White "Posch, Siegfried"]
[Black "Kainz, Josef"]
[Result "0-1"]
[WhiteElo "1891"]
[BlackElo "1898"]
[PlyCount "48"]
[EventDate "2018.10.06"]
[EventType "team-tourn"]
[EventRounds "11"]
[EventCountry "AUT"]
[SourceTitle "CBM 189 Extra"]
[Source "ChessBase"]
[SourceDate "2019.06.03"]
[SourceVersion "1"]
[SourceVersionDate "2019.06.03"]
[SourceQuality "1"]
[WhiteTeam "Fuerstenfeld/Hartberg"]
[BlackTeam "Gratwein Strassengel"]
[WhiteTeamCountry "AUT"]
[BlackTeamCountry "AUT"]

1. c4 g6 2. Nc3 Bg7 3. e4 c5 4. Nf3 Nc6 5. d3 d6 6. Be2 e6 7. 0-0 Nge7 8. h3 0-0 9. Nh2 Nd4 10. f4 Nec6 11. a3 a6 12. Nf3 b5 13. cxb5 axb5 14. Be3 Qa5 15. Bd2 b4 16. Na2 Nxe2+ 17. Qxe2 Bxb2 18. axb4 cxb4 19. Nxb4 Bxa1 20. Nxc6 Qb6+ 21. Kh1 Qxc6 22. e5 Bb7 23. Bb4 Qd5 24. Bxd6 Rfc8 0-1

[Event "Steyr Landesliga 1516"]
[Site "Austria"]
[Date "2016.04.09"]
[Round "10.7"]
[White "Teuschler, Hugo"]
[Black "Posch, Siegfried"]
[Result "1/2-1/2"]
[WhiteElo "2033"]
[BlackElo "2006"]
[PlyCount "48"]
[EventDate "2015.09.26"]
[EventType "team-tourn"]
[EventRounds "11"]
[EventCountry "AUT"]
[SourceTitle "EXT 2017"]
[Source "ChessBase"]
[SourceDate "2016.10.25"]
[SourceVersion "1"]
[SourceVersionDate "2016.10.25"]
[SourceQuality "1"]
[WhiteTeam "Frauental Strassenbahn"]
[BlackTeam "Fuerstenfeld/Hartberg"]
[WhiteTeamCountry "AUT"]
[BlackTeamCountry "AUT"]

1. e4 c5 2. Nf3 Nc6 3. d4 cxd4 4. Nxd4 e5 5. Nb5 a6 6. Nd6+ Bxd6 7. Qxd6 Qf6 8. Qxf6 Nxf6 9. Nc3 Nb4 10. Bd3 d5 11. exd5 Nfxd5 12. Nxd5 Nxd5 13. Bd2 0-0 14. Ba5 Nf4 15. 0-0-0 Nxg2 16. Rhg1 Nf4 17. Rge1 Nxd3+ 18. Rxd3 e4 19. Rb3 b5 20. Rxe4 Be6 21. Rc3 Rfc8 22. Ree3 Rxc3 23. Rxc3 Rc8 24. Kd2 Kf8 1/2-1/2

[Event "Oberwart op"]
[Site "Oberwart"]
[Date "1998.07.26"]
[Round "2"]
[White "Lerner, Konstantin Z"]
[Black "Posch, Siegfried"]
[Result "1-0"]
[WhiteElo "2580"]
[BlackElo "2130"]
[PlyCount "29"]
[EventDate "1998.07.25"]
[EventType "swiss"]
[EventRounds "9"]
[EventCountry "AUT"]
[SourceTitle "CBM 065 Extra"]
[Source "ChessBase"]
[SourceDate "1998.09.09"]
[SourceVersion "1"]
[SourceVersionDate "1998.09.09"]
[SourceQuality "1"]

1. Nf3 Nf6 2. c4 c5 3. Nc3 Nc6 4. d4 cxd4 5. Nxd4 Nxd4 6. Qxd4 e6 7. e4 Qa5 8. Be2 Bc5 9. Qd3 h5 10. h3 Qb6 11. 0-0 Qd6 12. Qf3 Ng4 13. hxg4 hxg4 14. Qf4 g3 15. Qxd6 1-0